Change Management <The> Essentials

Guardado en:
Detalles Bibliográficos
Autor principal: Ross, Lena
Formato: Libro
Lenguaje:inglés
Publicado: [S.l.] [s.n.] 2020
Materias:
Etiquetas: Agregar Etiqueta
Sin Etiquetas, Sea el primero en etiquetar este registro!

MARC

LEADER 00000nam a2200000 4500
001 0279505
005 20240417073812.1
020 |a 978-1-922337-93-1 
020 |a 978-1-922337-42-9 
041 0 |a eng 
245 1 0 |a Change Management  |b <The> Essentials  |c Lena Ross 
264 1 |a [S.l.]  |b [s.n.]  |c 2020 
300 |a 313 s. 
610 2 0 |a manažment 
610 2 0 |a riadenie podnikové 
610 2 0 |a riadenie zmien 
610 2 0 |a know-how 
610 2 0 |a zmeny organizačné 
610 2 0 |a vedenie podniku 
100 1 |a Ross, Lena